Advanced inorganic chemistry (Record no. 2836)

000 -LEADER
fixed length control field 00571nam a2200241u 4500
001 - CONTROL NUMBER
control field 2836
003 - CONTROL NUMBER IDENTIFIER
control field BD-DhUET
008 - FIXED-LENGTH DATA ELEMENTS--GENERAL INFORMATION
fixed length control field 890901s1965 ii 000 0 eng
020 ## - INTERNATIONAL STANDARD BOOK NUMBER
International Standard Book Number 8121902630
040 ## - CATALOGING SOURCE
Original cataloging agency DLC
Transcribing agency DLC
Modifying agency BD-DhUET
082 ## - DEWEY DECIMAL CLASSIFICATION NUMBER
Classification number 546
Item number PRA/2000
100 ## - MAIN ENTRY--PERSONAL NAME
Personal name Prakash, Satya
245 00 - TITLE STATEMENT
Title Advanced inorganic chemistry
250 ## - EDITION STATEMENT
Edition statement 1st ed.
260 ## - PUBLICATION, DISTRIBUTION, ETC. (IMPRINT)
Place of publication, distribution, etc. New York
Name of publisher, distributor, etc. S. Chand
Date of publication, distribution, etc. 2000
300 ## - PHYSICAL DESCRIPTION
Extent xvi, 1157p.
Other physical details ill.
500 ## - GENERAL NOTE
General note Vol. I
650 #0 - SUBJECT ADDED ENTRY--TOPICAL TERM
Topical term or geographic name as entry element Chemistry
700 ## - ADDED ENTRY--PERSONAL NAME
Personal name Tuli, G. D.
700 ## - ADDED ENTRY--PERSONAL NAME
Personal name Basu, S. K.
700 ## - ADDED ENTRY--PERSONAL NAME
Personal name Madan, R. D.
942 ## - ADDED ENTRY ELEMENTS (KOHA)
Koha item type General Book
Holdings
Lost status Date acquired Price effective from Koha normalized classification for sorting Koha full call number Koha renewals Koha item type Withdrawn status Not for loan Piece designation (barcode) Koha date last seen Shelving location Source of classification or shelving scheme Koha date last borrowed Copy number Location (home branch) Damaged status Koha issues (times borrowed) Sublocation or collection (holding branch)
 2014-10-122014-10-12546_000000000000000_PRA_2000546/PRA/20002General Book  964352024-05-26Circulation section 2024-04-271Central Library, BUET 5Central Library, BUET
 2014-11-092014-11-09546PRA2000546/PRA/20001General Book  964332020-02-24Circulation section 2020-02-232Central Library, BUET 12Central Library, BUET
 2015-06-162015-06-16546_000000000000000_PRA_2000546/PRA/2000 Reading Item  964312015-06-16Reading section  3Central Library, BUET  Central Library, BUET
 2015-12-282015-12-28546_000000000000000_PRA_2000546/PRA/2000 General Book  964342019-09-01Circulation section 2019-08-244Central Library, BUET 6Central Library, BUET